|
|
|
|
| LEADER |
01124nam a2200373 4500 |
| 001 |
DLU110127455 |
| 005 |
##20111103 |
| 008 |
##070829s2007 maua 001 0 eng d |
| 010 |
# |
# |
|a 2007298761
|
| 020 |
# |
# |
|a 1597491519 (pbk.)
|
| 020 |
# |
# |
|a 9781597491518 (pbk.)
|
| 035 |
# |
# |
|a (OCoLC)166248536
|
| 035 |
# |
# |
|a (OCoLC)ocn166248536
|
| 040 |
# |
# |
|a SINAP
|c SINAP
|d BAKER
|d DLC
|
| 042 |
# |
# |
|a lccopycat
|
| 082 |
# |
# |
|a 004.69
|b Ast
|
| 100 |
# |
# |
|a Jackson, Benjamin.
|
| 245 |
# |
# |
|a Asterisk hacking :
|b toolkit and liveCD /
|c Benjamin Jackson, Champ Clark III ; Larry Chaffin and Johnny Long, technical editors.
|
| 260 |
# |
# |
|a Burlington, MA :
|b Syngress,
|c c2007.
|
| 300 |
# |
# |
|a xii, 253 p. :
|b ill. ;
|c 21x30 cm.
|
| 650 |
# |
# |
|a Internet telephony.
|
| 700 |
# |
# |
|a Clark, Champ,
|c III.
|
| 856 |
# |
# |
|3 Publisher description
|u http://www.loc.gov/catdir/enhancements/fy0745/2007298761-d.html
|
| 923 |
# |
# |
|a 01/2011CT
|
| 991 |
# |
# |
|a GT
|
| 992 |
# |
# |
|a 0
|
| 994 |
# |
# |
|a KCT
|
| 900 |
# |
# |
|a True
|
| 911 |
# |
# |
|a Đào Thị Thu Huyền
|
| 925 |
# |
# |
|a G
|
| 926 |
# |
# |
|a A
|
| 927 |
# |
# |
|a SH
|
| 980 |
# |
# |
|a Thư viện Trường Đại học Đà Lạt
|